Statistics for Rivers going through European Capital Cities: name the River

Click here to take the quiz!

General Stats

  • This quiz has been taken 68 times
    (59 since last reset)
  • The average score is 17 of 38

Answer Stats

CAPITAL CITY zzzzRIVERzzzz % Correct
BratislavaDanube
95%
LondonThames
93%
BudapestDanube
93%
BelgradeDanube/Sava
90%
ParisSeine
90%
ViennaDanube
85%
RomeTiber
83%
AmsterdamAmstel
73%
WarsawVistula
66%
BerlinSpree
66%
DublinLiffey
61%
LisbonTagus
61%
PragueVltava
59%
KievDnieper
59%
MoscowMoskva
56%
ZagrebSava
49%
VaduzRhine
46%
MadridManzanares
39%
RigaDaugava
37%
BrusselsZenne
37%
LjubljanaLjublanica/Sava
34%
BernAare
32%
SkopjeVardar
27%
LuxembourgAlzette/Pretusse
27%
SarajevoMiljacka
27%
BucharestDambovita
24%
ChisinauBic
24%
HelsinkiVantaa
24%
Andorra La VellaGran Valira
24%
SofiaVladaiska/Perlovska/Iskar
22%
VilniusNeris/Vilnia
22%
MinskSvislach
22%
OsloAkerselva
20%
TiranaIshem/Tirane/Lane
20%
TallinnPirita
17%
AthensKifissos
17%
ReykjavikEllioaa
15%
StockholmNorrstrom
15%

Score Distribution

Percentile by Number Answered

Percent of People with Each Score

Your Score History

You have not taken this quiz since the last reset